Fraunhofer Magazine (Record no. 9521)
[ view plain ]
| 000 -LEADER | |
|---|---|
| fixed length control field | 00570cas a2200157 4500 |
| 008 - FIXED-LENGTH DATA ELEMENTS--GENERAL INFORMATION | |
| fixed length control field | 130726n eng u |
| 022 ## - INTERNATIONAL STANDARD SERIAL NUMBER | |
| International Standard Serial Number | 16157028 |
| 035 ## - SYSTEM CONTROL NUMBER | |
| System control number | (Sirsi) a179918 |
| 050 ## - LIBRARY OF CONGRESS CALL NUMBER | |
| Classification number | TJ163.Q6 |
| 245 ## - TITLE STATEMENT | |
| Title | Fraunhofer Magazine |
| 260 ## - PUBLICATION, DISTRIBUTION, ETC. | |
| Place of publication, distribution, etc. | Germany |
| Name of publisher, distributor, etc. | Fruanhofer Magazine |
| Date of publication, distribution, etc. | 2013 |
| 310 ## - CURRENT PUBLICATION FREQUENCY | |
| Current publication frequency | Bi-annnual |
| 362 ## - DATES OF PUBLICATION AND/OR SEQUENTIAL DESIGNATION | |
| Dates of publication and/or sequential designation | Vol. 2, 2013 - Vol 1, 2016 |
| 520 ## - SUMMARY, ETC. | |
| Summary, etc. | This magazine talks about finding ways of producing more goods using significantly fewer resources and illustrates how information tecnology can be designed to be more efficient. |
| 650 ## - SUBJECT ADDED ENTRY--TOPICAL TERM | |
| Topical term or geographic name entry element | Recycling |
| Withdrawn status | Lost status | Source of classification or shelving scheme | Damaged status | Not for loan | Home library | Current library | Shelving location | Total Checkouts | Full call number | Barcode | Date last seen | Copy number | Price effective from | Koha item type |
|---|---|---|---|---|---|---|---|---|---|---|---|---|---|---|
| Library of Congress Classification | Main Library | Main Library | Serials | TJ 163.Q6 | 702822013 | 08/12/2019 | 1 | 08/12/2019 | Periodical | |||||
| Library of Congress Classification | Main Library | Main Library | Serials | TJ 163.Q6 | 702812014 | 08/12/2019 | 2 | 08/12/2019 | Periodical | |||||
| Library of Congress Classification | Main Library | Main Library | Serials | TJ 163.Q6 | 702822014 | 08/12/2019 | 3 | 08/12/2019 | Periodical | |||||
| Library of Congress Classification | Main Library | Main Library | Serials | TJ 163.Q6 | 702822015 | 08/12/2019 | 4 | 08/12/2019 | Periodical | |||||
| Library of Congress Classification | Main Library | Main Library | Serials | TJ 163.Q6 | 702812016 | 08/12/2019 | 5 | 08/12/2019 | Periodical |